Rise of nations Quiz - Statistics

General Stats
  • This quiz has been taken 9 times
  • The average score is 4 of 5
Answer Stats
Question Answer % Correct
The 3 countries that require XP china india usa
89%
Requires 3.5 units of Phosphate Fertilizer Factory
89%
What can give lots of tax that is a building that is NOT a factory? Develop City
78%
Formable that most USA players rush NAU/North American Union
78%
Usual starting infantry 20k
67%
No matching quizzes found
Score Distribution
Percent of People with Each Score
Percentile by Number Answered
Your Score History
You have not taken this quiz